Progreso técnico y delincuencia

Salvato in:
Dettagli Bibliografici
Autore principale: Blarduni, Oscar C (Autore)
Natura: Libro
Lingua:spagnolo
Pubblicazione: La Plata Instituto de Investigaciones y Docencia criminológicas 1961
Soggetti:
Tags: Aggiungi Tag
Nessun Tag, puoi essere il primo ad aggiungerne!!

MARC

LEADER 00000nam a2200000 a 4500
001 UCY7414
003 CL-VaPUC
008 950614e19610000AG |||||||||||||||||spa|d
082 0 4 |a 364.3  |b BLA  |2 21 
100 0 |a Blarduni, Oscar C  |e author  |9 337941 
245 1 0 |a Progreso técnico y delincuencia 
300 |a 48 p 
942 |c BK 
945 |d 19950614 00:00:00  |a aalvarez 
260 |a La Plata  |b Instituto de Investigaciones y Docencia criminológicas  |c 1961 
650 0 |a Delincuencia  |9 335739 
650 7 |a DELINCUENTES  |2 CL-VaPUC  |9 315465 
583 |a last modification  |c 19950614 00:00:00  |k Rodrigo Vera 
999 |c 234812  |d 234810 
952 |0 0  |1 0  |2 ddc  |4 0  |6 364_300000000000000_BLA_1961  |7 0  |8 A  |9 241529  |a BIBDER  |b BIBDER  |d 2019-11-18  |i 2007940  |o 364.3 BLA 1961  |p 2007940  |r 2023-01-25  |w 2019-11-18  |y MX  |k DER